000 00551nam a2200169Ia 4500
008 090711s9999 xx 000 0 und d
082 _b63797
100 _aपेडणेकर नारायण रा.
245 _aतळ्यात मळ्यात
260 _c1989
300 _a136
600 _aपेडणेकर नारायण रा.
630 _aतळ्यात मळ्यात
700 _aपेडणेकर नारायण रा.
730 _aतळ्यात मळ्यात
942 _cBOOK
999 _c290102
_d290102